แสดงรายละเอียดบรรณานุกรม
  กลับหน้าหลัก

Brief Record : Get Marc (ISO 2709) : E-mail record : QR code ปิดหน้าต่าง
E-books : เกี่ยวกับ Collections
LEADER 00000nama 2200000uu 4500
001    197301
003     ULIBM
008    040531s|||| th m m a000 0 tha d
020    978-974-9897-88-1
041    tha
050    WS100 พ7912 2550
100    สุชาดา ศรีทิพวรรณ
245    Pediatrics : Self Sufficiency and Optimal Child Care / บรรณาธิการ สุชาดา ศรีทิพวรรณ,ชิษณุ พันธุ์เจริญ และอุษา ทิสยากร.
260    กรุงเทพฯ ธนาเพลส. 2550.
300    200 หน้า.
500    เนื่องในวโรกาสมหามงคลเฉลิมพระชนมพรรษา 80 พรรษา และครบรอบ 60 ปี คณะแพทยศาสตร์ จุฬาลงกรณ์มหาวิทยาลัย.
650    1. เด็ก,โรค--การรักษา--การประชุม. 2. เด็ก,โรค--การวินิจฉัย--การประชุม. 3. กุมารเวชศาสตร์--การประชุม.
995    001
รายการนี้ยังไม่มีแท็ก
คุณยังไม่ได้ล็อกอิน คุณสามารถมีกิจกรรมร่วมกับเว็บไซต์ได้ แต่ต้องล็อกอินก่อน ::
  ล็อกอิน
ลำดับที่ ประเภท เลขเรียก สถานที่ สถานะ
1. หนังสือทั่วไป
หนังสือทั่วไป
WS100 พ7912 2550  
  
หนังสือทั่วไป On Shelf
  ขอยืม
   [แสดง 1/1 รายการ]

BibComment


ยังไม่เคยถูกคอมเมนท์

คอมเมนท์ทรัพยากรรายการนี้
  คอมเมนท์: Pediatrics Self ..
Bib 197301

 
 
 

 Union Library Management : ULibM
Copyright 2026. All Rights Reserved.
скачать бесплатно без регистрации порно красивый секс HD Sex Hindi sex

xxx gou

xxxx

bfxxx

xxxwww

Секса Видео

xxxx

Секса Видео

detube

geilexxx

C99 Shell

worms shell

blod xxx video
Ebony Coed Rihanna Rimes Takes A Dick In Her Young Twat priyaa indian fuck anal and pusssy hardcore indian women xxx desi hardcore fucking part 1 bengalixxxcouple